000 00334 a2200109 4500
001 ART_55106
005 20260410161811.0
008 260409a
245 1 0 _aLa insolvencia de los patrimonios de afectación
100 1 _aVaiser, Lidia
773 0 _tDoctrina Societaria y Concursal
_g- N° 409 (dic. 2021)
_wREV4298
999 _c21464
_d21464